|
|
|
|
| LEADER |
00756nab a2200205 i 4500 |
| 001 |
acta69193 |
| 005 |
20230509133528.0 |
| 008 |
200604s2018 hu o 0|| eng d |
| 022 |
|
|
|a 1416-7972
|
| 040 |
|
|
|a SZTE Egyetemi Kiadványok Repozitórium
|b hun
|
| 041 |
|
|
|a eng
|
| 100 |
1 |
|
|a Barna Gábor
|
| 245 |
1 |
0 |
|a Foreword
|h [elektronikus dokumentum] /
|c Barna Gábor
|
| 260 |
|
|
|c 2018
|
| 300 |
|
|
|a 7-9
|
| 490 |
0 |
|
|a Religion, culture, society
|v 5
|
| 650 |
|
4 |
|a Bölcsészettudományok
|
| 650 |
|
4 |
|a Filozófia, etika és vallástudományok
|
| 695 |
|
|
|a Néprajz - évkönyv - előszó, Vallástudomány - évkönyv - előszó, Vallásszociológia - előszó
|
| 856 |
4 |
0 |
|u http://acta.bibl.u-szeged.hu/69193/1/religion_culture_society_005_007-009.pdf
|z Dokumentum-elérés
|